La teoría del bien primario exportable y el crecimiento económico argentino hasta 1930 (Registro nro. 22901)

Detalles MARC
000 -LEADER
fixed length control field 00382 a2200109 4500
001 - CONTROL NUMBER
control field ART_5523
005 - DATE AND TIME OF LATEST TRANSACTION
control field 20260410161827.0
008 - FIXED-LENGTH DATA ELEMENTS--GENERAL INFORMATION
fixed length control field 260409a
100 1# - MAIN ENTRY--PERSONAL NAME
Personal name Cincunegui, Jorge E.
245 10 - TITLE STATEMENT
Title La teoría del bien primario exportable y el crecimiento económico argentino hasta 1930
773 0# - HOST ITEM ENTRY
Title Estudios Económicos
Related parts - Vol. 1, Nº 1/2 (ene./dic. 1982)
Record control number REV5080

No hay ítems disponibles.